000 00783nam a2200229 a 4500
001 000014535
005 20200929163851.0
008 100113s1993 sp a 000 d spa d
020 _a8437604702
040 _aDO-SdBNP
_bspa
_cBNPHU
082 _a862.64
_bA773c, 1993
100 1 _aArrabal, Fernando,
_d1932-
_920214
245 1 3 _aEl cementerio de automóviles = el arquitecto y el emperador de Asiria /
_cFernando Arrabal ; edición de Diana Taylor.
246 1 1 _iEl arquitecto y el emperador de asiria
250 _a3a ed.
260 _aMadrid :
_bCátedra,
_c1993.
300 _a234, [5] p. :
_bil. ;
_c18 cm.
490 1 _aLetras Hispánicas
_v198
650 4 _aTeatro español
_93071
650 4 _aLiteratura española
_ySIGLO XX
_93326
700 1 _aTaylor, Diana,
_eed.
_932904
999 _c14122
_d14122